<?xml version="1.0" encoding="UTF-8"?><?xml-stylesheet type="text/xsl" href="static/style.xsl"?><OAI-PMH xmlns="http://www.openarchives.org/OAI/2.0/" xmlns:xsi="http://www.w3.org/2001/XMLSchema-instance" xsi:schemaLocation="http://www.openarchives.org/OAI/2.0/ http://www.openarchives.org/OAI/2.0/OAI-PMH.xsd"><responseDate>2026-04-29T12:25:17Z</responseDate><request verb="GetRecord" identifier="oai:repisalud.isciii.es:20.500.12105/18693" metadataPrefix="marc">https://repisalud.isciii.es/rest/oai/request</request><GetRecord><record><header><identifier>oai:repisalud.isciii.es:20.500.12105/18693</identifier><datestamp>2024-09-21T22:18:44Z</datestamp><setSpec>com_20.500.12105_15322</setSpec><setSpec>com_20.500.12105_2051</setSpec><setSpec>col_20.500.12105_16927</setSpec></header><metadata><record xmlns="http://www.loc.gov/MARC21/slim" xmlns:dcterms="http://purl.org/dc/terms/" xmlns:doc="http://www.lyncode.com/xoai" xmlns:xsi="http://www.w3.org/2001/XMLSchema-instance" xsi:schemaLocation="http://www.loc.gov/MARC21/slim http://www.loc.gov/standards/marcxml/schema/MARC21slim.xsd">
   <leader>00925njm 22002777a 4500</leader>
   <datafield ind2=" " ind1=" " tag="042">
      <subfield code="a">dc</subfield>
   </datafield>
   <datafield ind2=" " ind1=" " tag="720">
      <subfield code="a">Cornejo-Pareja, Isabel</subfield>
      <subfield code="e">author</subfield>
   </datafield>
   <datafield ind2=" " ind1=" " tag="720">
      <subfield code="a">Vegas-Aguilar, Isabel M</subfield>
      <subfield code="e">author</subfield>
   </datafield>
   <datafield ind2=" " ind1=" " tag="720">
      <subfield code="a">Lukaski, Henry</subfield>
      <subfield code="e">author</subfield>
   </datafield>
   <datafield ind2=" " ind1=" " tag="720">
      <subfield code="a">Talluri, Antonio</subfield>
      <subfield code="e">author</subfield>
   </datafield>
   <datafield ind2=" " ind1=" " tag="720">
      <subfield code="a">Bellido-Guerrero, Diego</subfield>
      <subfield code="e">author</subfield>
   </datafield>
   <datafield ind2=" " ind1=" " tag="720">
      <subfield code="a">Tinahones, Francisco J</subfield>
      <subfield code="e">author</subfield>
   </datafield>
   <datafield ind2=" " ind1=" " tag="720">
      <subfield code="a">García-Almeida, Jose Manuel</subfield>
      <subfield code="e">author</subfield>
   </datafield>
   <datafield ind2=" " ind1=" " tag="260">
      <subfield code="c">2022-06-30</subfield>
   </datafield>
   <datafield ind2=" " ind1=" " tag="520">
      <subfield code="a">Background: COVID-19 has taken on pandemic proportions with growing interest in prognostic factors. Overhydration is a risk factor for mortality in several medical conditions with its role in COVID-19, assessed with bioelectrical impedance (BI), gaining research interest. COVID-19 affects hydration status. The aim was to determine the hydration predictive role on 90 d survival COVID-19 and to compare BI assessments with traditional measures of hydration. Methods: We studied 127 consecutive COVID-19 patients. Hydration status was estimated using a 50 kHz phase-sensitive BI and estimated, compared with clinical scores and laboratory markers to predict mortality. Results: Non-surviving COVID-19 patients had significantly higher hydration 85.2% (76.9−89.3) vs. 73.7% (73.2−82.1) and extracellular water/total body water (ECW/TBW) 0.67 (0.59−0.75) vs. 0.54 (0.48−0.61) (p = 0.001, respectively), compared to surviving. Patients in the highest hydration tertile had increased mortality (p = 0.012), Intensive Care Unit (ICU) admission (p = 0.027), COVID-19 SEIMC score (p = 0.003), and inflammation biomarkers [CRP/prealbumin (p = 0.011)]. Multivariate analysis revealed that hydration status was associated with increased mortality. HR was 2.967 (95%CI, 1.459−6.032, p  76.15% or ECW/TBW > 0.58 were the cut-off values predicting COVID-19 mortality with 81.3% and 93.8% sensitivity and 64 and 67.6% specificity, respectively. Hydration status offers a sensitive and specific prognostic test at admission, compared to established poor prognosis parameters. Conclusions and Relevance: Overhydration, indicated as high hydration (>76.15%) and ECW/TBW (>0.58), were significant predictors of COVID-19 mortality. These findings suggest that hydration evaluation with 50 kHz phase-sensitive BI measurements should be routinely included in the clinical assessment of COVID-19 patients at hospital admission, to identify increased mortality risk patients and assist medical care.</subfield>
   </datafield>
   <datafield ind1="8" ind2=" " tag="024">
      <subfield code="a">10.3390/nu14132726</subfield>
   </datafield>
   <datafield ind1="8" ind2=" " tag="024">
      <subfield code="a">2072-6643</subfield>
   </datafield>
   <datafield ind1="8" ind2=" " tag="024">
      <subfield code="a">Nutrients</subfield>
   </datafield>
   <datafield ind1="8" ind2=" " tag="024">
      <subfield code="a">http://hdl.handle.net/10668/21484</subfield>
   </datafield>
   <datafield ind1="8" ind2=" " tag="024">
      <subfield code="a">35807907</subfield>
   </datafield>
   <datafield ind1="8" ind2=" " tag="024">
      <subfield code="a">http://hdl.handle.net/20.500.12105/18693</subfield>
   </datafield>
   <datafield tag="653" ind2=" " ind1=" ">
      <subfield code="a">COVID-19</subfield>
   </datafield>
   <datafield tag="653" ind2=" " ind1=" ">
      <subfield code="a">extracellular water</subfield>
   </datafield>
   <datafield tag="653" ind2=" " ind1=" ">
      <subfield code="a">hydration fat-free mass</subfield>
   </datafield>
   <datafield tag="653" ind2=" " ind1=" ">
      <subfield code="a">hydration status</subfield>
   </datafield>
   <datafield tag="653" ind2=" " ind1=" ">
      <subfield code="a">survival and mortality analysis</subfield>
   </datafield>
   <datafield tag="653" ind2=" " ind1=" ">
      <subfield code="a">total body water</subfield>
   </datafield>
   <datafield ind2="0" ind1="0" tag="245">
      <subfield code="a">Overhydration Assessed Using Bioelectrical Impedance Vector Analysis Adversely Affects 90-Day Clinical Outcome among SARS-CoV2 Patients: A New Approach.</subfield>
   </datafield>
</record></metadata></record></GetRecord></OAI-PMH>